00602 2200229 4500001002100000005001700021008004100038035002400079082001200103090001900115100002100134245005600155250000800211260004200219300003000261500001100291650002200302850001200324980001500336985000600351999001500357YOGYA-0209000001783520090227022814.0 ind  0010-020900000017835 a624.117 a624.117bGri D aGRINER, Linton E aDisign of modern need structurescLinton E. Grinter a2nd aNew YorkbThe Macmillan Companyc1960 axxi, 491 hlmbilusc23 cm aIndeks aBaja - konstruksi aYOPDYOG a15-02-2006 a1 aa000011471